000 00548nam a2200229 a 4500
001 nice12345678
003 IN_TiNIC
005 20260116011716.0
008 050524s1972 leia grp 000 0 eng
020 _a
_c174.2
082 0 0 _a297.4
_bABD
100 _aSalah, Abd Al Sabur
245 _aMurder in Baghdad
_b Arabic Play
260 _aLeiden
_bE. J. Brill
_c1972
300 _a76p
500 _aincludes index and biblioraphy
505 2 _aBibliography
650 _aSufism-Hallaj
902 _bSRS
942 _cBK
999 _c3481
_d3481